| 000 | 00826nam a22002177a 4500 | ||
|---|---|---|---|
| 001 | BD-DhSAU 9556 | ||
| 003 | BD-DhSAU | ||
| 005 | 20190225184356.0 | ||
| 008 | 150620b1999 ja |||r|||| 000 0 eng d | ||
| 040 | _aBD-DhSAU | ||
| 082 |
_222 _a630 _bH7949 |
||
| 100 | _aHossain, Md. Amzad | ||
| 245 |
_aStudies on physiology, ecology and control of torpedograss (panicum repens l.) in sugarcane (saccharum spp.) / _bPh.D. Thesis _cby Md. Amzad Hossain |
||
| 260 |
_aKagoshima University : _bThe United Graduate School of Agricultural Sciences, _c2007 |
||
| 300 |
_axxviii, 292 p. : _bill. ; _c30 cm. |
||
| 500 | _aPh.D thesis of The United Graduate School of Agricultural Sciences, Kagoshima University, Japan | ||
| 590 | _ajoy | ||
| 650 |
_aPhysiology _xSugarcane |
||
| 700 |
_aMurayama, Seiichi _eMajor advisor |
||
| 942 |
_2ddc _cPHD |
||
| 999 |
_c9556 _d9556 |
||